000 00319nam a22001457a 4500
008 210430b ||||| |||| 00| 0 eng d
020 _a9780801028687
041 _aeng
080 _a2
082 _a2
100 _a24
101 _aTEO
245 _aIntroducing the New Testament
_cMark A. Powell
942 _2udc
_cBK
999 _c57054
_d57054